Statystyki dla Najlepszy piłkarz na literę w FIFA 23

Kliknij tutaj aby rozwiązać quiz!

Ogólne statystyki

  • Ten quiz został rozwiązany 368 razy
  • Średni wynik to 9 z 27

Statystyki odpowiedzi

LITERAOVROdpowiedź% Poprawnych
M91Messi
82%
R90Ronaldo
76%
L91Lewandowski
73%
B91Benzema
70%
M Honorowe91Mbappe
68%
D91De Bruyne
61%
A89Alisson
57%
H88Haaland
52%
E89Ederson
39%
C90Courtois
37%
V90Van Dijk
37%
S90Salah
36%
N90Neuer
33%
O89Oblak
27%
T88Ter Stegen
20%
K89Kimmich
17%
X79Xhaka
12%
Z83Zieliński
10%
G87Goretzka
9%
I86Immobile
9%
F87Fabinho
8%
P86Parejo
8%
J85Jorginho
5%
U81Upamecano
4%
W85Walker
2%
Q76Quagliarella
1%
Y80Yeray
0%

Rozkład punktacji

Percentyl według liczby udzielonych odpowiedzi

Procent ludzi z każdym wynikiem

Twoja historia wyników

Nie rozwiązałeś tego quizu